Nghiên cứu xây dựng bản đồ ngập lụt do biến đổi khí hậu trên địa bàn huyện Ninh Phước, tỉnh Ninh Thuận : Luận văn thạc sĩ - Chuyên ngành: Quản lý tài nguyên và môi trường

Salvato in:
Dettagli Bibliografici
Autore principale: Hồ, Ngọc Tùng
Natura: Luận văn
Lingua:Undetermined
Pubblicazione: Trường Đại học Công nghiệp Tp. Hồ Chí Minh 2017
Soggetti:
Tags: Aggiungi Tag
Nessun Tag, puoi essere il primo ad aggiungerne! !
Thư viện lưu trữ: Trung tâm Thư viện - Trường Đại học Công nghiệp TP. Hồ Chí Minh
LEADER 00804nam a2200157Ia 4500
001 UIH_01102
008 230809s9999 xx 000 0 und d
082 |a 628 
100 |a Hồ, Ngọc Tùng 
245 0 |a Nghiên cứu xây dựng bản đồ ngập lụt do biến đổi khí hậu trên địa bàn huyện Ninh Phước, tỉnh Ninh Thuận : Luận văn thạc sĩ - Chuyên ngành: Quản lý tài nguyên và môi trường 
245 0 |c Hồ, Ngọc Tùng 
260 |b Trường Đại học Công nghiệp Tp. Hồ Chí Minh 
260 |c 2017 
650 |a Quản lý môi trường;Biến đổi khí hậu; 
927 |a Luận văn 
980 |a Trung tâm Thư viện - Trường Đại học Công nghiệp TP. Hồ Chí Minh